书目信息 |
| 题名: |
办公室工作规范
|
|
| 作者: | 李欣 主编 | |
| 分册: | ||
| 出版信息: | 北京 高等教育出版社 1988.10 |
|
| 页数: | 288页 | |
| 开本: | 20cm | |
| 丛书名: | ||
| 单 册: | ||
| 中图分类: | C931.4 | |
| 科图分类: | 29.154 | |
| 主题词: | 办公室-工作--规范 | |
| 电子资源: | ||
| ISBN: | 7-04-002209-5 | |
| 000 | 00827nam0 2200229 45 | |
| 001 | 0192009359 | |
| 005 | 20070718171411.06 | |
| 010 | @a7-04-002209-5@dCNY3.50 | |
| 100 | @a19920330d1988 em y0chiy0121 ea | |
| 101 | 0 | @achi |
| 102 | @aCN@b110000 | |
| 105 | @ay z 000yy | |
| 200 | 10 | @a办公室工作规范@ABAN GONG SHI GONG ZUO GUI FAN@f李 欣主编@FLI XIN ZHU BIAN |
| 210 | @a北京@c高等教育出版社@d1988.10@h1991.9重印 | |
| 215 | @a288页@d20cm | |
| 330 | @a本书系统总结了搞好办公室各方面工作的最优方法,内容计二十二章,涉及面较广,不仅介绍了公文、办事、行政事务管理方面的最优方法,而且为适应改革、开放形势的需要,还介绍了接待、礼仪、外事等方面的最佳方法。 | |
| 606 | @a办公室-工作@x规范 | |
| 690 | @aC931.4@v三版 | |
| 692 | @a29.154 | |
| 701 | 0 | @a李欣@ALI XIN@4主编 |
| 801 | 0 | @aCN@bTSSF@c20070718 |
| 905 | @a10447@dC931.4@e330 | |
| 办公室工作规范/李 欣主编.-北京:高等教育出版社,1988.10(1991.9重印) |
| 288页;20cm |
| ISBN 7-04-002209-5:CNY3.50 |
| 本书系统总结了搞好办公室各方面工作的最优方法,内容计二十二章,涉及面较广,不仅介绍了公文、办事、行政事务管理方面的最优方法,而且为适应改革、开放形势的需要,还介绍了接待、礼仪、外事等方面的最佳方法。 |
| ● |
| 相关链接 |
|
|
|
|
正题名:办公室工作规范
索取号:C931.4/330
 
预约/预借
| 序号 | 登录号 | 条形码 | 馆藏地/架位号 | 状态 | 备注 |
| 1 | 0765583 | 207655839 | 第一样本阅览室/ [索取号:C931.4/330] | 在馆 | |
| 2 | 0767019 | 207670199 | 密集书库/ [索取号:C931.4/330] | 在馆 |